| 000 | 00946nam a2200361Ia 4500 | ||
|---|---|---|---|
| 001 | 4851 | ||
| 003 | 9601 | ||
| 005 | 20250504205819.0 | ||
| 008 | ||||||n9999 ||| || || | ||
| 020 | _a9586060292 | ||
| 041 | _aspa | ||
| 245 | 0 | _aEl modelo de desarrollo agroindustrial de Colombia | |
| 260 |
_aBogotá : _bSiglo Veintiuno Editores, _c1991. |
||
| 300 | _a491p | ||
| 562 | _e4 | ||
| 650 | 0 |
_aAgricultura _91938 |
|
| 650 | 0 |
_aAgroindustria _9154633 |
|
| 650 | 0 |
_aDesarrollo agrario _98718 |
|
| 650 |
_aINDUSTRIA--CALDAS (COLOMBIA)--PUBLICACIONES SERIADAS _93051 |
||
| 650 |
_aPOLÍTICA AGRÍCOLA--COLOMBIA--SIGLO XX _98741 |
||
| 650 | 0 |
_aPolítica industrial _94119 |
|
| 651 | 0 |
_aCOLOMBIA _xPOLÍTICA ECONÓMICA _95742 |
|
| 942 | _cBKM | ||
| 999 |
_c4851 _d4851 |
||
| 526 | _a17598 | ||
| 526 | _a102617 | ||
| 526 | _a116204 | ||
| 526 | _a4969 | ||
| 526 | _a19790 | ||
| 526 | _a104436 | ||
| 526 | _a5144 | ||
| 526 | _a51868 | ||
| 526 | _a1697 | ||